[Event "Foment Martinenc op-B 24th"]
[Site "Barcelona"]
[Date "2024.06.15"]
[Round "9"]
[White "Liebana Franco, Iker"]
[Black "Olvera Anton, Alejandro"]
[Result "0-1"]
[WhiteElo "1562"]
[BlackElo "1881"]
[PlyCount "34"]
[EventDate "2024.04.20"]
[EventType "swiss"]
[EventRounds "9"]
[EventCountry "ESP"]
[SourceTitle "CBM 220 Extra"]
[Source "ChessBase"]
[SourceDate "2024.07.31"]
[SourceVersion "1"]
[SourceVersionDate "2024.07.31"]
[SourceQuality "1"]

1. e4 c5 2. d4 cxd4 3. c3 dxc3 4. Nxc3 a6 5. Bc4 e6 6. Nf3 Nc6 7. a4 Nge7 8. Bf4 Ng6 9. Bg3 Bb4 10. 0-0 0-0 11. Qe2 Qa5 12. Nb5 axb5 13. axb5 Qxa1 14. Rxa1 Rxa1+ 15. Ne1 Rxe1+ 16. Qxe1 Bxe1 17. bxc6 dxc6 0-1

[Event "Foment Martinenc op-B 24th"]
[Site "Barcelona"]
[Date "2024.05.25"]
[Round "6"]
[White "Olvera Anton, Alejandro"]
[Black "Fernandez Cazorla, Jan"]
[Result "0-1"]
[WhiteElo "1881"]
[BlackElo "1615"]
[PlyCount "48"]
[EventDate "2024.04.20"]
[EventType "swiss"]
[EventRounds "9"]
[EventCountry "ESP"]
[SourceTitle "CBM 220 Extra"]
[Source "ChessBase"]
[SourceDate "2024.07.31"]
[SourceVersion "1"]
[SourceVersionDate "2024.07.31"]
[SourceQuality "1"]

1. e4 e5 2. Nf3 Nc6 3. Bb5 a6 4. Ba4 Nf6 5. 0-0 Be7 6. Re1 b5 7. Bb3 0-0 8. c3 d5 9. exd5 Nxd5 10. Nxe5 Nxe5 11. Rxe5 c6 12. d4 Bd6 13. Re1 Qh4 14. g3 Qh3 15. Qf3 Bg4 16. Qg2 Qh5 17. Bxd5 cxd5 18. Be3 Bf3 19. Qf1 f5 20. Na3 f4 21. Bd2 fxg3 22. fxg3 Bxg3 23. hxg3 Qh1+ 24. Kf2 Bg2+ 0-1

[Event "Foment Martinenc op-B 15th"]
[Site "Barcelona"]
[Date "2013.05.04"]
[Round "3"]
[White "Gonzalez Muelas, Marco Antonio"]
[Black "Olvera Anton, Alejandro"]
[Result "1/2-1/2"]
[WhiteElo "1720"]
[BlackElo "1860"]
[PlyCount "71"]
[EventDate "2013.04.20"]
[EventType "swiss"]
[EventRounds "9"]
[EventCountry "ESP"]
[SourceTitle "CBM 154 Extra"]
[Source "ChessBase"]
[SourceDate "2013.06.25"]
[SourceVersion "2"]
[SourceVersionDate "2013.06.25"]
[SourceQuality "1"]

1. d4 d5 2. c4 c6 3. Nc3 Nf6 4. Nf3 Bf5 5. Bg5 e6 6. e3 Nbd7 7. Bd3 Bg4 8. h3 Bh5 9. cxd5 exd5 10. Be2 Bd6 11. 0-0 h6 12. Bh4 g5 13. Bg3 Bxg3 14. fxg3 Qe7 15. Ne5 Bxe2 16. Qxe2 0-0-0 17. Nxd7 Nxd7 18. Rac1 Kb8 19. Kh2 h5 20. e4 dxe4 21. Qxe4 Rhe8 22. Qf3 h4 23. gxh4 gxh4 24. Qf4+ Ka8 25. Rce1 Qb4 26. Rxe8 Rxe8 27. Qxf7 Rd8 28. Qg7 Nb6 29. Rf7 Nc8 30. Rd7 Re8 31. Qf7 Rf8 32. Qg7 Re8 33. Qf7 Rf8 34. Qb3 Qxb3 35. axb3 Rf2 36. Na4 1/2-1/2

[Event "Foment Martinenc op-B 15th"]
[Site "Barcelona"]
[Date "2013.04.27"]
[Round "2"]
[White "Olvera Anton, Alejandro"]
[Black "Espejo Arnau, Sergi"]
[Result "1-0"]
[WhiteElo "1860"]
[BlackElo "1639"]
[PlyCount "61"]
[EventDate "2013.04.20"]
[EventType "swiss"]
[EventRounds "9"]
[EventCountry "ESP"]
[SourceTitle "CBM 154 Extra"]
[Source "ChessBase"]
[SourceDate "2013.06.25"]
[SourceVersion "2"]
[SourceVersionDate "2013.06.25"]
[SourceQuality "1"]

1. e4 c5 2. Nf3 Nc6 3. d4 cxd4 4. Nxd4 g6 5. c4 Bg7 6. Be3 Nf6 7. Nc3 d6 8. f3 0-0 9. Qd2 Nxd4 10. Bxd4 Be6 11. g4 Rc8 12. b3 Qa5 13. Rd1 a6 14. h4 b5 15. cxb5 Bxg4 16. fxg4 e5 17. Nd5 Qxd2+ 18. Rxd2 Rc1+ 19. Rd1 Rxd1+ 20. Kxd1 exd4 21. Nxf6+ Bxf6 22. bxa6 Bd8 23. Bc4 Kg7 24. g5 Bb6 25. Rf1 f6 26. b4 f5 27. exf5 gxf5 28. a4 Rc8 29. Bd3 Rc3 30. Kd2 Rb3 31. a5 1-0

[Event "Catalunya-chT Primera Gp2"]
[Site "Catalunya"]
[Date "2008.03.02"]
[Round "6"]
[White "Vinas Racionero, Josep Claudi"]
[Black "Olvera Anton, Alejandro"]
[Result "1-0"]
[WhiteElo "2070"]
[BlackElo "1952"]
[PlyCount "49"]
[EventDate "2008.01.27"]
[EventType "team-tourn"]
[EventRounds "9"]
[EventCountry "ESP"]
[SourceTitle "EXT 2019"]
[Source "ChessBase"]
[SourceDate "2018.10.10"]
[SourceVersion "1"]
[SourceVersionDate "2018.10.10"]
[SourceQuality "1"]

1. e4 c5 2. Nf3 Nc6 3. d4 cxd4 4. Nxd4 g6 5. g3 Bg7 6. c3 Nf6 7. Bg2 0-0 8. 0-0 d5 9. exd5 Nxd5 10. Nxc6 bxc6 11. Qa4 Qb6 12. c4 Nb4 13. Be3 Qb7 14. a3 Nd3 15. Bxc6 Qxb2 16. Nd2 Bb7 17. Rab1 Bxc6 18. Qxc6 Qxa3 19. Rb3 Qa2 20. Rxd3 Rfd8 21. Rb1 Rab8 22. Rxb8 Rxb8 23. Qc7 Rb1+ 24. Kg2 h5 25. Nxb1 1-0